The Alternativ (Record no. 1211678)

MARC details
000 -LEADER
fixed length control field 00460nam a2200193Ia 4500
008 - FIXED-LENGTH DATA ELEMENTS--GENERAL INFORMATION
fixed length control field 151121s9999||||xx |||||||||||||| ||und||
082 ## - DEWEY DECIMAL CLASSIFICATION NUMBER
Classification number 320/ROY
082 ## - DEWEY DECIMAL CLASSIFICATION NUMBER
Item number HNW-2875
100 ## - MAIN ENTRY--PERSONAL NAME
Personal name Roy M। N।
245 #4 - TITLE STATEMENT
Title The Alternativ
260 ## - PUBLICATION, DISTRIBUTION, ETC. (IMPRINT)
Name of publisher, distributor, etc "Vora & Co Pub। Pvt। Ltd।, Bombay"
260 ## - PUBLICATION, DISTRIBUTION, ETC. (IMPRINT)
Date of publication, distribution, etc --
300 ## - PHYSICAL DESCRIPTION
Extent 83
600 ## - SUBJECT ADDED ENTRY--PERSONAL NAME
Personal name Roy M। N।
630 ## - SUBJECT ADDED ENTRY--UNIFORM TITLE
Uniform title The Alternativ
700 ## - ADDED ENTRY--PERSONAL NAME
Personal name Roy M। N।
730 ## - ADDED ENTRY--UNIFORM TITLE
Uniform title The Alternativ
942 ## - ADDED ENTRY ELEMENTS (KOHA)
Koha item type Book
Holdings
Withdrawn status Lost status Damaged status Not for loan Home library Current library Date acquired Cost, normal purchase price Total Checkouts Full call number Barcode Date last seen Cost, replacement price Price effective from Koha item type
        Hirachand Nemchand Wachanalaya, Solapur Hirachand Nemchand Wachanalaya, Solapur 11/21/2015 8.00   HNW-2875 HNW-2875 11/21/2015 8.00 11/21/2015 Book